00385pab a2200133 454500008004000000100002300040245009800063260000900161300001400170362001200184650001800196650001000214773002700224180718b2004 xxu||||| |||| 00| 0 eng d aDe, Prithwis Kumar aTechnical efficiency, ownership, and reforms: an econometric study of Indian banking industry c2004 ap.261-94. aJan-Jun aBanks - India aBanks aIndian Economic Review